00700nam a2200181 4500001000700000003000900007005001700016007000300033008004100036100002400077245012500101260005500226300002200281710004100303852003300344999001900377952012200396123875ES-MaACL20230906192250.0t|070214s1978 sp r ||||1| spa d1 aQutb, Sa'id.99481114aLas normas en el camino del Islam / cSa'id Qutb ; traducción del Comité Cultural del Centro Islámico en España. aGranada : bCentro Islámico en España, c1978. a236 p. ; c17 cm.2 aCentro Islámico de España.92751 aES-MaACLjA-10972 bR.100574 c123875d123875 00104070aATENEOMbATENEOMcDEPO1d2008-01-17eSCl0oA-10972p1129060r2023-02-23 00:00:00w2023-02-23yMONOGRAFIA